Countries with the Lowest Adolescent Fertility Rate A-Z - Statistics

General Stats
  • This quiz has been taken 27 times
  • The average score is 21 of 24
Answer Stats
Letter Births Country % Correct
F 4 Finland
100%
J 3 Japan
100%
O 10 Oman
100%
Q 8 Qatar
100%
Y 56 Yemen
100%
D 2 Denmark
96%
G 7 Germany
96%
Z 96 Zambia
96%
A 5 Austria
92%
B 5 Belgium
92%
E 9 Estonia
92%
R 15 Russia
92%
C 7 Canada / Cyprus
88%
P 8 Portugal
88%
S 2 South Korea / Switzerland
88%
V 0 Vatican City
88%
H 22 Hungary
79%
I 4 Italy
79%
N 2 Norway
79%
L 3 Liechtenstein
75%
U 3 United Arab Emirates
75%
M 7 Monaco
67%
K 6 Kuwait
63%
T 7 Tunisia
54%
No matching quizzes found
Score Distribution
Percent of People with Each Score
Percentile by Number Answered
Your Score History
You have not taken this quiz